К вопросу о выявлении основ безопасности жизнедеятельности человека в естественной и искусственной среде обитания; Инновационные технологии и экономика в машиностроении

Xehetasun bibliografikoak
Parent link:Инновационные технологии и экономика в машиностроении.— 2008.— С. 336-342
Egile nagusia: Иванова Е. М.
Beste egile batzuk: Гришагин В. М. Виктор Михайлович
Hizkuntza:errusiera
Argitaratua: 2008
Gaiak:
Formatua: MixedMaterials Liburu kapitulua
KOHA link:https://koha.lib.tpu.ru/cgi-bin/koha/opac-detail.pl?biblionumber=161836

MARC

LEADER 00000naa2a2200000 4500
001 161836
005 20231031160045.0
035 |a (RuTPU)RU\TPU\book\175504 
090 |a 161836 
100 |a 20090615d2008 k y0rusy50 ca 
101 0 |a rus 
102 |a RU 
200 1 |a К вопросу о выявлении основ безопасности жизнедеятельности человека в естественной и искусственной среде обитания  |f Е. М. Иванова, В. М. Гришагин 
320 |a Библиогр.: 11 назв. 
463 0 |0 (RuTPU)RU\TPU\book\164827  |t Инновационные технологии и экономика в машиностроении  |o труды VI Всероссийской научно-практической конференции с международным участием, 15-16 мая 2008 года, Юрга  |f Томский политехнический университет (ТПУ), Юргинский технологический институт (ЮТИ)  |v С. 336-342  |d 2008  |p 479 с. 
610 1 |a безопасность жизнедеятельности 
610 1 |a человек 
610 1 |a среда обитания 
610 1 |a мультикультурный мир 
610 1 |a национальные особенности 
610 1 |a труды учёных ТПУ 
700 1 |a Иванова  |b Е. М. 
701 1 |a Гришагин  |b В. М.  |c доцент, кандидат технических наук  |c Юргинский технологический институт (филиал) Томского политехнического университета  |g Виктор Михайлович  |2 stltpush  |3 (RuTPU)RU\TPU\pers\24272 
801 1 |a RU  |b 63413507  |c 20090615  |g PSBO 
801 2 |a RU  |b 63413507  |c 20090615  |g PSBO 
942 |c BK